000 01094nam a22002537a 4500
005 20101206113148.0
008 101206t xxu||||| |||| 00| 0 hin d
010 _aHIN-91417
020 _c150.00
_a9788128830105
035 _aHN-63763
037 _bDBAD/PUB
040 _aDPL
_bHN
100 _924598
_aसुदर्शन
245 _aऐसी करनी कर चलो /
_cसुदर्शन जी महाराज
246 _aAisi Karni kar chalo
_bby Sudarshan ji Maharaj
260 _aनई दिल्ली
_bडायमंड पॉकेट बुक्स
_c2010
270 _bनई दिल्ली
_aX-30, ओखला इंडस्ट्रियल एरिया, फेज-11
_e110020
_k011- 41611861
_l011- 41611866
_msales@dpb.in
300 _a198पृ.
_c22सेमी (अजिल्द)
650 _91169
700 _924599
700 _924924
942 _2ddc
_cHN
_mसुदर्श
999 _c49591
_d49591